<?xml version="1.0" encoding="UTF-8"?>
<record
    xmlns:xsi="http://www.w3.org/2001/XMLSchema-instance"
    xsi:schemaLocation="http://www.loc.gov/MARC21/slim http://www.loc.gov/standards/marcxml/schema/MARC21slim.xsd"
    xmlns="http://www.loc.gov/MARC21/slim">

  <leader>03155nam a2200349uu 4500</leader>
  <controlfield tag="001">1489473</controlfield>
  <controlfield tag="005">20260508092304.0</controlfield>
  <controlfield tag="007">co|||||||</controlfield>
  <controlfield tag="008">180323s2018                        spa  </controlfield>
  <datafield tag="035" ind1=" " ind2=" ">
    <subfield code="a">1489473</subfield>
  </datafield>
  <datafield tag="040" ind1=" " ind2=" ">
    <subfield code="c">comduadb</subfield>
  </datafield>
  <datafield tag="041" ind1=" " ind2=" ">
    <subfield code="a">spa</subfield>
  </datafield>
  <datafield tag="080" ind1=" " ind2=" ">
    <subfield code="a">V/CD</subfield>
  </datafield>
  <datafield tag="082" ind1=" " ind2="4">
    <subfield code="a">301</subfield>
  </datafield>
  <datafield tag="100" ind1="1" ind2="0">
    <subfield code="a">Mart&#xED;nez Hincapi&#xE9;, Jorge Andr&#xE9;s</subfield>
    <subfield code="4">aut</subfield>
    <subfield code="e">aut</subfield>
    <subfield code="9">768461</subfield>
  </datafield>
  <datafield tag="245" ind1="1" ind2="4">
    <subfield code="a">&#xBF;De d&#xF3;nde vienen los hombres grises? : aceleraci&#xF3;n y desaceleraci&#xF3;n social en un grupo de estudiantes de sociolog&#xED;a rural de la Universidad de Antioquia</subfield>
  </datafield>
  <datafield tag="260" ind1=" " ind2=" ">
    <subfield code="a">Medell&#xED;n :</subfield>
    <subfield code="b">Autor(a),</subfield>
    <subfield code="c">2018.</subfield>
  </datafield>
  <datafield tag="300" ind1=" " ind2=" ">
    <subfield code="a">1 CD-ROM</subfield>
  </datafield>
  <datafield tag="520" ind1="3" ind2=" ">
    <subfield code="a">Esta monograf&#xED;a explora el problema de la aceleraci&#xF3;n y desaceleraci&#xF3;n en perspectiva sociol&#xF3;gica. Es, adem&#xE1;s, una l&#xED;nea de trabajo relativamente nueva dentro de la sociolog&#xED;a del tiempo; sin embargo, es un campo de trabajo tan antiguo como la misma ciencia social; ya que las figuras fundadoras han buscado introducir en la teor&#xED;a e investigaci&#xF3;n sociol&#xF3;gica complejos problemas en torno a la diacron&#xED;a o sincron&#xED;a de los hechos. M&#xFA;ltiples desarrollos del estudio de la temporalidad sociohist&#xF3;rica han desembocado en considerar la aceleraci&#xF3;n del ritmo del cambio social, la vida cotidiana y la historia misma, como posibilidades de renovaci&#xF3;n de las teor&#xED;as de la modernidad. Esta investigaci&#xF3;n, busc&#xF3; indagar el modo en que la aceleraci&#xF3;n y desaceleraci&#xF3;n del tiempo social se relacionan con el oficio sociol&#xF3;gico alrededor de las relaciones entre lo urbano y lo rural, por parte de un grupo de estudiantes de sociolog&#xED;a rural de la Universidad de Antioquia. As&#xED;, se pretendi&#xF3; aportar un ejercicio auto reflexivo, comprender las consecuencias que tiene la aceleraci&#xF3;n social para el mismo soci&#xF3;logo; indagando sobre los contrastes y continuidades dados entre ruralidad y urbanidad. Una de las ideas que se explora aqu&#xED; es que la aceleraci&#xF3;n es matizada por la experiencia del espacio social, territorialidad y lugar; que por ende resultan nociones claves. Finalmente, los resultados de esta tesis abren paso a un campo de an&#xE1;lisis poco frecuentado en la sociolog&#xED;a contempor&#xE1;nea: la aceleraci&#xF3;n social para la sociolog&#xED;a rural, en el cual se alcanzaron a evidenciar puntos de convergencia entre la teor&#xED;a de la aceleraci&#xF3;n social y la sociolog&#xED;a rural, en tanto que ambas pueden generar elementos de an&#xE1;lisis cr&#xED;tico e incluso emancipador tanto para el campo de acci&#xF3;n del soci&#xF3;logo en formaci&#xF3;n, como para las din&#xE1;micas que generan los ritmos de vida creados por el &#xE1;mbito competitivo de la academia.</subfield>
  </datafield>
  <datafield tag="650" ind1=" " ind2=" ">
    <subfield code="a">Sociolog&#xED;a rural - Colombia</subfield>
    <subfield code="9">42246</subfield>
  </datafield>
  <datafield tag="650" ind1=" " ind2="7">
    <subfield code="a">Sociolog&#xED;a urbana</subfield>
    <subfield code="z">Medell&#xED;n (Antioquia, Colombia)</subfield>
    <subfield code="2">lemb</subfield>
    <subfield code="9">152347</subfield>
  </datafield>
  <datafield tag="650" ind1=" " ind2=" ">
    <subfield code="a">Sociologia del tiempo</subfield>
    <subfield code="9">113969</subfield>
  </datafield>
  <datafield tag="650" ind1=" " ind2=" ">
    <subfield code="a">Aceleraci&#xF3;n educativa</subfield>
    <subfield code="9">62061</subfield>
  </datafield>
  <datafield tag="650" ind1=" " ind2=" ">
    <subfield code="a">Ritmos de aprendizaje</subfield>
    <subfield code="9">202671</subfield>
  </datafield>
  <datafield tag="650" ind1=" " ind2=" ">
    <subfield code="a">Estudiantes de sociologia</subfield>
    <subfield code="9">7186</subfield>
  </datafield>
  <datafield tag="650" ind1=" " ind2="7">
    <subfield code="a">Estudiantes universitarios</subfield>
    <subfield code="2">lemb</subfield>
    <subfield code="9">856893</subfield>
  </datafield>
  <datafield tag="700" ind1="1" ind2="0">
    <subfield code="a">Botia Merchan, Hernando Augusto</subfield>
    <subfield code="4">ths</subfield>
    <subfield code="e">ths</subfield>
    <subfield code="9">606387</subfield>
  </datafield>
  <datafield tag="856" ind1="4" ind2=" ">
    <subfield code="u">http://bibliotecadigital.udea.edu.co/handle/10495/15097</subfield>
  </datafield>
  <datafield tag="942" ind1=" " ind2=" ">
    <subfield code="c">TESIS</subfield>
  </datafield>
  <datafield tag="999" ind1=" " ind2=" ">
    <subfield code="c">771795</subfield>
    <subfield code="d">771795</subfield>
  </datafield>
  <datafield tag="502" ind1=" " ind2=" ">
    <subfield code="b">106</subfield>
    <subfield code="c">12</subfield>
  </datafield>
  <datafield tag="526" ind1=" " ind2=" ">
    <subfield code="a">107</subfield>
  </datafield>
  <datafield tag="952" ind1=" " ind2=" ">
    <subfield code="0">0</subfield>
    <subfield code="1">0</subfield>
    <subfield code="4">0</subfield>
    <subfield code="7">0</subfield>
    <subfield code="8">DIGITAL</subfield>
    <subfield code="a">CISH</subfield>
    <subfield code="b">CISH</subfield>
    <subfield code="d">2018-03-23</subfield>
    <subfield code="e">Material adquirido por donaci&#xF3;n</subfield>
    <subfield code="i">C1280732</subfield>
    <subfield code="l">0</subfield>
    <subfield code="o">V/CD-12767</subfield>
    <subfield code="p">15988296</subfield>
    <subfield code="r">2023-05-04 00:00:00</subfield>
    <subfield code="t">1</subfield>
    <subfield code="w">2023-05-04</subfield>
    <subfield code="y">DIGITAL</subfield>
  </datafield>
  <datafield tag="952" ind1=" " ind2=" ">
    <subfield code="0">0</subfield>
    <subfield code="1">0</subfield>
    <subfield code="4">0</subfield>
    <subfield code="7">0</subfield>
    <subfield code="8">TESDIGBC</subfield>
    <subfield code="a">BC</subfield>
    <subfield code="b">BC</subfield>
    <subfield code="d">2018-05-03</subfield>
    <subfield code="e">Material adquirido por donaci&#xF3;n</subfield>
    <subfield code="i">C1284225</subfield>
    <subfield code="l">0</subfield>
    <subfield code="o">301.35 M386 CD-ROM</subfield>
    <subfield code="p">1041241</subfield>
    <subfield code="r">2023-05-04 00:00:00</subfield>
    <subfield code="t">2</subfield>
    <subfield code="w">2023-05-04</subfield>
    <subfield code="y">DIGITAL</subfield>
  </datafield>
</record>
